00409nam a2200157Ia 4500003000900000008004100009020001800050040001600068080001600084100002200100245005700122260003100179300001000210650001000220650002100230IN-BaIIA211028s9999 xx 000 0 eng d a81-7635-392-2 cIIA Library a681.31bSMI aSmith, Roderick W 0aLinuxbnetworking for your officecRoderick W. Smith aNew DelhibTechmediac2000 a618p. aLinux aOperating System